000 00506nam a2200181Ia 4500
005 20250405103637.0
008 241212s9999 xx 000 0 und d
020 _a9783030377427
_qhbk
041 _aeng
082 _a332.6 BRU
100 _aBrugière, Pierre
245 0 _aQuantitative Portfolio Management
_c/Pierre Brugière
_bwith applications in python
250 _a1st ed.
260 _bSpringer,
_c2020.
_aswitzerland:
300 _a205 p. :
_c20cm.
650 _aeconomics
942 _cENGLISH
999 _c566199
_d566199